LIBRARY & INFORMATION CENTRE, KCAET, TAVANUR

ONLINE PUBLIC ACCESS CATALOGUE (OPAC)

AutoCAD 2014 for Engineers and Designers (Record no. 14465)

MARC details
000 -LEADER
fixed length control field 00413nam a22001577a 4500
020 ## - INTERNATIONAL STANDARD BOOK NUMBER
ISBN 9789351192091
082 ## - DEWEY DECIMAL CLASSIFICATION NUMBER
Classification number 005.369
Item number TIC/AU
100 ## - MAIN ENTRY--AUTHOR NAME
Personal name Tickoo,Sham
100 ## - MAIN ENTRY--AUTHOR NAME
Personal name Amit Bhatt
100 ## - MAIN ENTRY--AUTHOR NAME
Personal name Kishore,T
100 ## - MAIN ENTRY--AUTHOR NAME
Personal name Gaurav Verma
245 ## - TITLE STATEMENT
Title AutoCAD 2014 for Engineers and Designers
260 ## - PUBLICATION, DISTRIBUTION, ETC. (IMPRINT)
Place of publication New Delhi
Name of publisher Dream Tech Press
Year of publication 2014
490 ## - SERIES STATEMENT
Series statement Tickoo - CADCIM Series
942 ## - ADDED ENTRY ELEMENTS (KOHA)
Koha item type Books
Holdings
Withdrawn status Lost status Damaged status Collection code Home library Current library Shelving location Date acquired Source of acquisition Cost, normal purchase price Full call number Accession Number Koha item type
        KAUAET KAUAET General Stacks 05/07/2016 Aman Book Stall, Calicut 799.00 005.369 TIC/AU 24977 Books
free website counter